Comuni con più di 200K abitanti (Italia) - Statistics

Statistiche generali
  • Questo quiz è stato fatto 165 volte
  • Il punteggio medio è 8 su 15
Answers on the Grid
Answers color-coded by a green-red scale on the quiz's grid according to % correct below.
Bari
Bologna
Brescia
Cagliari
Catania
Ferrara
Firenze
Foggia
Genova
Latina
Livorno
Messina
Milano
Modena
Napoli
Padova
Palermo
Parma
Perugia
Prato
Ravenna
Reggio calabria
Reggio emilia
Rimini
Roma
Taranto
Torino
Trieste
Venezia
Verona
 
Statistiche sulle risposte
Risposta % Corretto
Bologna
87%
Bari
74%
Milano
74%
Firenze
66%
Roma
65%
Palermo
64%
Genova
62%
Napoli
62%
Torino
57%
Catania
54%
Venezia
44%
Verona
41%
Brescia
29%
Messina
23%
Padova
17%
Nessun quiz corrispondente trovato
Distribuzione punteggi
Percentuale di utenti per punteggio
Percentile per numero di risposta
I tuoi punteggi nel tempo
Non hai fatto questo quiz